000 00904nas a2200313 4500
001 BR2015002704
003 BR-BrBNA
005 20231205125309.0
007 ta
008 230509b bl.|||p| |||| 00| 00por d
040 _aBR-BrBNA
_bpor
_cBiblioteca Nacional de Agricultura
041 _a(En)
072 _aQ02
100 1 _aPinto, J.A.V.
100 1 _aSchorr, M.R.W.
100 1 _aThewes, F.R.
100 1 _aCeconi, D.L.
100 1 _aBoth, V.
100 1 _aBrackmann, A.
100 1 _aFronza, D.
245 1 _aRelative humidity during cold storage on Postharvest quality of Niagara Rosada table grapes
650 _aUVA
650 _aPÓS-COLHEITA
650 _aARMAZENAMENTO
650 _aREFRIGERAÇÃO
773 0 _tCiência Rural (Brazil)
_xISSN 0103-8478
_g(Mar 2015), v. 45(3) p. 386-391
_wBR2015002704
909 _a202311
_bLúcia
_c55
_dLúcia Elande
942 _2AGRIS
_n0
_cANA
999 _c243668
_d243668